Manchester United - Transferts les plus chers - Statistiques

Statistiques générales
  • Ce quiz a été pris 161 fois
  • Le résultat moyen est 34 sur 50
Statistiques - réponses
Saison Nationalité Montant Provenance Réponse % Correct
16/17 France 105 M€ Juventus Paul Pogba
100%
19/20 Angleterre 87 M€ Leicester Harry Maguire
96%
22/23 Brésil 95 M€ Ajax Amsterdam Antony
94%
25/26 Cameroun 75 M€ Brentford Bryan Mbeumo
92%
22/23 Brésil 70 M€ Real Madrid Casemiro
92%
21/22 Angleterre 85 M€ Borussia Dortmund Jadon Sancho
92%
24/25 France 62 M€ Lille Leny Yoro
92%
19/20 Portugal 65 M€ Sporting Lisbonne Bruno Fernandes
90%
25/26 Brésil 74 M€ Wolverhampton Matheus Cunha
89%
17/18 Belgique 84 M€ Everton Romelu Lukaku
89%
15/16 Argentine 75 M€ Real Madrid Ángel Di María
88%
25/26 Slovénie 76 M€ RB Leipzig Benjamin Sesko
88%
24/25 Uruguay 50 M€ PSG Manuel Ugarte
88%
15/16 France 60 M€ AS Monaco Anthony Martial
87%
23/24 Cameroun 50 M€ Inter Milan André Onana
82%
23/24 Danemark 77 M€ Atalanta Bergame Rasmus Højlund
82%
21/22 France 40 M€ Real Madrid Raphaël Varane
80%
22/23 Argentine 57 M€ Ajax Amsterdam Lisandro Martínez
79%
23/24 Angleterre 67 M€ Chelsea Mason Mount
78%
24/25 Pays Bas 45 M€ Bayern Munich Matthijs de Ligt
76%
17/18 Chili 34 M€ Arsenal Alexis Sánchez
74%
18/19 Brésil 59 M€ Shakhtar Donetsk Fred
73%
24/25 Pays Bas 42 M€ Bologne Joshua Zirkzee
70%
13/14 Espagne 44 M€ Chelsea Juan Mata
68%
16/17 Arménie 42 M€ Borussia Dortmund Henrikh Mkhitaryan
65%
12/13 Pays Bas 30 M€ Arsenal Robin van Persie
64%
04/05 Angleterre 37 M€ Everton Wayne Rooney
64%
20/21 Côte d'Ivoire 21 M€ Atalanta Bergame Amad Diallo
63%
08/09 Bulgarie 38 M€ Tottenham Dimitar Berbatov
63%
17/18 Serbie 44 M€ Chelsea Nemanja Matić
63%
24/25 Danemark 30 M€ Lecce Patrick Dorgu
63%
25/26 Belgique 21 M€ Royal Antwerp Senne Lammens
63%
19/20 Congo 55 M€ Crystal Palace Aaron Wan-Bissaka
60%
17/18 Suède 35 M€ Benfica Lisbonne Victor Lindelöf
60%
20/21 Pays Bas 39 M€ Ajax Amsterdam Donny van de Beek
59%
13/14 Belgique 32 M€ Everton Marouane Fellaini
57%
16/17 Côte d'Ivoire 38 M€ Villarreal Eric Bailly
56%
14/15 Angleterre 37 M€ Southampton Luke Shaw
54%
02/03 Angleterre 46 M€ Leeds Rio Ferdinand
54%
18/19 Portugal 22 M€ FC Porto Diogo Dalot
52%
11/12 Espagne 25 M€ Atlético Madrid David de Gea
46%
15/16 France 35 M€ Southampton Morgan Schneiderlin
45%
15/16 Pays Bas 34 M€ PSV Memphis Depay
44%
14/15 Espagne 36 M€ Athletic Bilbao Ander Herrera
43%
07/08 Portugal 25 M€ Sporting Lisbonne Nani
43%
01/02 Argentine 42 M€ Lazio Rome Juan Sebastián Verón
42%
01/02 Pays Bas 28 M€ PSV Ruud van Nistelrooy
35%
07/08 Brésil 31 M€ FC Porto Anderson
26%
06/07 Angleterre 27 M€ Tottenham Michael Carrick
25%
07/08 Angleterre 25 M€ Bayern Munich Owen Hargreaves
18%
Aucun quiz correspondant
Distribution des résultats
% des personnes avec chaque résultat
Percentile par nombre de réponses
Votre historique - résultats
Vous n’avez pas pris ce quiz